000 00713nam a2200205Ii 4500
003 JO-AjNU
008 230605s9999||||xx |||||||||||||| ||und||
017 _a1982/3988
040 _aJO-AjNU
_bara
_erda
_cJO-AjNU
041 _aara
050 1 4 _aPJ6696.L3766 1982
100 3 _aتأليف لاشين، عبد الفتاح,
_eauthor
_917002
245 0 0 _aالفاصلة القرآنية: من أسرار التعبير في القرآن
264 3 1 _aالرياض: دار المريخ للنشر، 1982
300 _a163ص
336 _atext
_btxt
_2rdacontent
337 _aunmediated
_bn
_2rdamedia
338 _avolume
_bnc
_2rdacarrier
650 4 _aالقرآن الكريم - بلاغة - ألفاظ
_917003
999 _aA5161
_c8729
_d8729